Un poète francais tombé au champ d'honneur: Charles Péguy

Saved in:
Bibliografiske detaljer
Hovedforfatter: Seippel, Paul (Author)
Format: Bog
Sprog:fransk
Udgivet: París Payot 1900
Fag:
Tags: Tilføj Tag
Ingen Tags, Vær først til at tagge denne postø!

MARC

LEADER 00000nam a2200000 a 4500
001 UCU0784
003 CL-VaPUC
008 960329e19000000FR |||||||||||||||||fre|d
082 0 4 |a 841.09  |b SEI  |2 21 
100 0 |a Seippel, Paul  |e author  |9 356189 
245 1 3 |a Un poète francais tombé au champ d'honneur: Charles Péguy 
300 |a 40 p 
942 |c BK 
945 |d 19960329 00:00:00  |a rleighto 
260 |a París  |b Payot  |c 1900 
650 0 |a Poesía francesa  |9 264947 
650 0 |a Crítica e interpretación   |9 255042 
583 |a last modification  |c 19960329 00:00:00  |k Rodrigo Vera 
999 |c 245593  |d 245591 
952 |0 0  |1 0  |4 0  |6 841_090000000000000_SEI_1900  |7 0  |8 A  |9 260141  |a BIBEDU  |b BIBEDU  |d 2019-11-19  |i 318658K  |o 841.09 SEI 1900  |p 318658K  |r 2019-11-19  |w 2019-11-19  |y BK  |k LIT